| 000 | 00363cam a22001337a 4500 | ||
|---|---|---|---|
| 008 | 180718b1995 xxu||||| |||| 00| 0 eng d | ||
| 020 | _a0333646843 | ||
| 082 | _aA99 H463 P133 | ||
| 100 | _aPadfield, Peter | ||
| 245 |
_aHess: the Fuhrer's disciple _cby Peter Padfield |
||
| 260 |
_aLondon _bPapermac _c1995 |
||
| 300 | _a402p. | ||
| 650 | _aHess, Rudolf - Biography | ||
| 999 |
_c378635 _d378635 |
||